000 00515nmm a2200169Ia 4500
008 251105s9999||||xx |||||||||||||||||und||
020 _a9789876992633
041 _aspa
100 _aAlcaraz, Florencia
245 0 _aVidas en suspenso : jóvenes y violencia institucional
264 _a[Buenos Aires, Argentina] :
_bEduvim,
_c2015
300 _a96 páginas
490 _aProyectos especiales
650 _aPolitical Science (General)
856 _uhttps://public.digitaliapublishing.com/a/41022
942 _cCF
999 _c97602
_d97602